Niên giám Giáo dục - Đào tạo Việt Nam = The Viet Nam yearly education - training directory 2003

Zapisane w:
Opis bibliograficzny
Korporacja: Bộ Giáo dục - Đào tạo
Format: Książka
Język:Undetermined
Etykiety: Dodaj etykietę
Nie ma etykietki, Dołącz pierwszą etykiete!
Thư viện lưu trữ: Trung tâm Học liệu Trường Đại học Cần Thơ
LEADER 00426nam a2200121Ia 4500
001 CTU_125863
008 210402s9999 xx 000 0 und d
082 |a 370.212 
082 |b N577 
110 |a Bộ Giáo dục - Đào tạo 
245 0 |a Niên giám Giáo dục - Đào tạo Việt Nam = 
245 4 |b The Viet Nam yearly education - training directory 2003 
980 |a Trung tâm Học liệu Trường Đại học Cần Thơ